000 00693nam a2200253Ia 4500
003 OSt
005 20220925220053.0
006 a|||||r|||| 00| 0
007 ta
008 220923b |||||||| |||| 00| 0 eng d
037 _cGeneral Book
040 _aRTL
_cRTL
_beng
041 _2eng
_aeng
082 _aY49.3.N6, K8
100 _aRose Gordon
_9140181
245 0 _aWorking class
260 _aLondon
_bLongman
_c1968
300 _avii,151p
_ccm.
490 _aBritain Ed by John Barron Lays and Maurice Craft
500 _aBibliography: p 136-146
650 _aWorking Class
942 _hY49.3.N6, K8
_cGB
_2CC
999 _c570474
_d570474